LIBRARY & INFORMATION CENTRE, KCAET, TAVANUR

ONLINE PUBLIC ACCESS CATALOGUE (OPAC)

Normal view MARC view
  • Rupert, Purchase

Entry Personal Name

Number of records used in: 1

001 - CONTROL NUMBER

  • control field: 5760

003 - CONTROL NUMBER IDENTIFIER

  • control field: OSt

005 - DATE AND TIME OF LATEST TRANSACTION

  • control field: 20240123142645.0

008 - FIXED-LENGTH DATA ELEMENTS

  • fixed length control field: 240123|| aca||aabn | a|a d

040 ## - CATALOGING SOURCE

  • Original cataloging agency: OSt
  • Transcribing agency: OSt

100 ## - HEADING--PERSONAL NAME

  • Personal name: Rupert, Purchase

670 ## - SOURCE DATA FOUND

  • Source citation: Work cat.: (OSt)11240: COlin, Creaser . 5759, Food contaminants - sources and surveillance / , 1991.
free website counter